000 00785nam a2200289Ia 4500
003 OSt
005 20221007110959.0
006 a|||||r|||| 00| 0
007 ta
008 221006b |||||||| |||| 00| 0 eng d
024 _a22,312
037 _cTextual
040 _aLCO
_cLCO
_beng
041 _2eng
_aeng
082 _aX7291:(Z), M1
100 _aChaturvedi K.
245 0 _aCentral Sales Tax Laws.V2
250 _a5th
260 _aAgra
_bWadhwa and Company India
_c1981
300 _a953+885
490 _vVol.- 12
650 _aSALES TAX
_9258895
700 _a Chaturvedi M.K.
_9138276
700 _a Kothary B.L.
_9708164
942 _hX7291:(Z), M1
_cTEXL
999 _c1191875
_d1191875